| 000 | 00725nam a22001937a 4500 | ||
|---|---|---|---|
| 999 |
_c86570 _d86568 |
||
| 005 | 20250911132005.0 | ||
| 008 | 240308b ||||| |||| 00| 0 eng d | ||
| 100 | _aAgravante, Jay Palcon ; | ||
| 245 |
_aDevelopment of computerized enrollment system of university of Rizal system / _cJay, Jackielyn, Lemuel, Elaine |
||
| 260 | _c2015 | ||
| 300 |
_aXIII, 100 pages ; _bIllustration ( some color ) _c28cm |
||
| 337 |
_2rdamedia _aunmediated |
||
| 338 |
_2rdacarrier _avolume |
||
| 502 |
_aThesis _bBSIT _cUniversity of Rizal System, Antipolo Campus _d2015 |
||
| 700 |
_aArevalo, Jackielyn Agua; _eAuthor. |
||
| 700 |
_aBerango, Lemuel Concepcion ; _eAuthor. |
||
| 700 |
_aGuillermo, Elaine Cueto ; _eAuthor. |
||
| 942 |
_2lcc _cT |
||